000 00940nam a2200253Ia 4500
003 OSt
005 20220923220245.0
006 a|||||r|||| 00| 0
007 ta
008 220922b |||||||| |||| 00| 0 hin d
024 _a185,487
037 _cTextual
040 _aARTS
_cARTS
_bhin
041 _2hin
_ahin
082 _aO152,1(/\25):g, L0
100 _aशर्मा, शिव शंकर
245 0 _aभक्तिकालीन हिन्दी साहित्य में योग भावना
246 _aBhaktikālīn hindī sāhitya mean yog bhāvanā
260 _aअलीगढ
_b मुस्लिम विश्विद्यालय प्रकाशन
_c1970
300 _a395 पृ.
_ccm.
650 _aहिन्दी साहित्य
_9156264
942 _hO152,1(/\25):g, L0
_cTEXL
_2CC
999 _c338733
_d338733